[Event "Biel op (Women)"]
[Site "Biel"]
[Date "1990.??.??"]
[Round "8"]
[White "Arakhamia, Ketevan"]
[Black "Grinfeld, Alla B"]
[Result "1-0"]
[WhiteElo "2380"]
[BlackElo "2200"]

1.e4 e6 2.d4 d5 3.Nc3 Bb4 4.e5 Ne7 5.a3 Bxc3+ 6.bxc3 b6 7.Qg4 Ng6 8.h4 h5
9.Qg3 Ba6 10.Bxa6 Nxa6 11.a4 Nb8 12.a5 Nc6 13.a6 Qd7 14.Bg5 Nce7 15.Qf3 Rc8
16.Ne2 Nf5 17.Ng3 Nxg3 18.fxg3 c5 19.O-O cxd4 20.cxd4 Rc4 21.c3 Qc7 22.Bd2 Rh7
23.Qd3 Rh8 24.Qf3 Rh7 25.Rf2 Nf8 26.Raf1 g6 27.Bg5 Ra4 28.c4 Rxc4 29.Qf6 Qd7
30.Rb2 Rc7 31.Rxb6 axb6 32.Ra1  1-0

[Event "Bielsko Biala op"]
[Site "Bielsko Biala"]
[Date "1990.??.??"]
[Round "5"]
[White "Borkowski, Franciszek"]
[Black "Ivanov, Spiridon"]
[Result "1/2-1/2"]
[WhiteElo "2405"]
[BlackElo "2365"]

1.e4 e6 2.d4 d5 3.Nc3 Bb4 4.e5 Ne7 5.a3 Bxc3+ 6.bxc3 c5 7.Qg4 O-O 8.Bd3 f5
9.exf6 Rxf6 10.Bg5 Rf7 11.Qh4 h6 12.Bxe7 Rxe7 13.Nf3 e5 14.dxe5 Rxe5+ 15.Kd2 Qxh4
16.Nxh4 Nc6 17.f4 Re8 18.Rhe1 Be6 19.Rab1 b6 20.Bb5 Bd7 21.Ng6 Kh7 22.Bd3 Kg8
23.c4 dxc4 24.Bxc4+ Kh7 25.Bd3 Kg8 26.Kc3 Kf7 27.Ne5+ Nxe5 28.fxe5 Rad8 29.Re3 Ke7
30.h4 Rf8 31.Rg3 Rf7 32.Bc4 Be6 33.Bxe6 Kxe6 34.Re1 Re7 35.h5 Rd4 36.Rg6+ Kf5
37.e6 Rh4 38.Rf1+ Ke5 39.g4 Rh3+ 40.Kb2 Rg3 41.Re1+ Kf4 42.a4 Rf3 43.Rd1 Re3
44.Rd6 Re5 45.Kc3 Rg5 46.Rd7 Re8 47.Rdxg7 Kxg4 48.Rh7 Kf5 49.Rgxh6 Rxe6 50.Rxe6 Kxe6
51.h6 Rg3+ 52.Kc4 Rg4+ 53.Kb3 Rb4+ 54.Ka3 Rh4 55.a5 Kd5 56.a6 Kc4 57.Rxa7 b5
58.Rc7 Rxh6 59.a7 b4+ 60.Kb2 Ra6  1/2-1/2

[Event "Bielsko Biala op"]
[Site "Bielsko Biala"]
[Date "1990.??.??"]
[Round "7"]
[White "Rakowiecki, Tomasz"]
[Black "Gdanski, Jacek"]
[Result "0-1"]
[WhiteElo "2320"]
[BlackElo "2430"]

1.e4 e6 2.d4 d5 3.Nc3 Bb4 4.e5 Ne7 5.a3 Bxc3+ 6.bxc3 c5 7.h4 Nbc6 8.h5 h6
9.Nf3 Bd7 10.Be2 Qa5 11.Bd2 f6 12.O-O fxe5 13.Nxe5 Nxe5 14.dxe5 Qc7 15.f4 O-O
16.Qe1 a6 17.c4 dxc4 18.Bxc4 b5 19.Ba2 c4 20.Bb4 Nd5 21.Bxf8 Rxf8 22.Qd2 Qc5+
23.Kh2 Bc6 24.Rf3 a5 25.Raf1 b4 26.c3 Nxc3 27.Rxc3 bxc3 28.Qxc3 Bd5 29.Bb1 Qb6
30.Qc2 Rf5 31.Qd1 Qb2 32.Qc2 Qxa3 33.Qe2 Rf7 34.Qg4 Qb2 35.Bg6 Rf8 36.Bb1 a4
37.Qg6 Rf7 38.f5 Qxe5+ 39.Kh1 Qe2 40.Kg1 Qe3+ 41.Kh2 Qe5+ 42.Kg1 Be4 43.Re1 Qc5+
44.Kh1 Bxb1  0-1

[Event "Noviki-A"]
[Site "Budapest"]
[Date "1990.??.??"]
[Round "2"]
[White "Mainka, Romuald"]
[Black "Farago, Ivan"]
[Result "1/2-1/2"]
[WhiteElo "2445"]
[BlackElo "2475"]

1.e4 e6 2.d4 d5 3.Nc3 Bb4 4.e5 Ne7 5.a3 Bxc3+ 6.bxc3 c5 7.Nf3 Bd7 8.a4 Qa5
9.Qd2 Nbc6 10.Ba3 cxd4 11.cxd4 Qxd2+ 12.Kxd2 Nf5 13.c3 Na5 14.Ra2 Rc8 15.Bb5 Nc4+
16.Kd3 Rc7 17.Nd2 Nxa3 18.Rxa3 Ke7 19.Rb1 Rhc8 20.a5 Kd8 21.Bxd7 Kxd7 22.Rc1 Ne7
23.Nb3 b6 24.axb6 axb6 25.Ra6 Rb8 26.Nd2 Nc6 27.Rb1 Rcb7 28.f4 h5 29.Ra2 Na5
30.h3 Kc7 31.Rf1 g6 32.Raa1 Kd7 33.g4 hxg4 34.hxg4 Rh8 35.Rh1 Rbb8 36.Rab1 Rbc8
37.Rxh8 Rxh8 38.Rxb6 Rh3+ 39.Ke2 Rh2+ 40.Ke1 Rxd2 41.Rd6+ Ke7 42.Kxd2 Nc4+
43.Kd3  1/2-1/2

[Event "Budapest Herbstlich"]
[Site "Budapest"]
[Date "1990.??.??"]
[Round "11"]
[White "Stajcic, Nikola"]
[Black "Bricard, Emmanuel"]
[Result "1-0"]
[WhiteElo "2400"]
[BlackElo "2385"]

1.d4 e6 2.e4 d5 3.Nc3 Bb4 4.e5 Qd7 5.Qg4 Bf8 6.Nf3 b6 7.Bb5 c6 8.Ba4 a5 9.a3 Ba6
10.Nd1 Ne7 11.Bg5 h6 12.Bd2 Qc7 13.Ne3 Nd7 14.h4 g6 15.h5 g5 16.Rc1 Qb7 17.Nh2 c5
18.c3 Bd3 19.f4 Rg8 20.Bc2 Qa6 21.fxg5 Rxg5 22.Qf3 Bxc2 23.Rxc2 O-O-O 24.g4 Rg7
25.Rf1 Kb8 26.Qe2 Qxe2+ 27.Kxe2 Nc6 28.Kd3 Ndxe5+ 29.dxe5 Nxe5+ 30.Ke2 d4
31.cxd4 cxd4 32.Rcc1 dxe3 33.Bxe3 Rh7 34.Bxb6 Rd5 35.Rfd1 Rb5 36.Rd8+ Kb7
37.Bd4 Be7 38.Re8 Bd6 39.Bc3 Rd5 40.Rd1 Rxd1 41.Kxd1 a4 42.Ke2 Nd7 43.Nf3 Nb6
44.Kd3 Nd5 45.Bd4 f5 46.gxf5 exf5 47.Be3 Nxe3 48.Kxe3 Re7+ 49.Rxe7+ Bxe7
50.Kf4 Kb6 51.Kxf5 Bc5 52.Ke4 Bf8 53.Kd3 Kc5 54.Nd4 Be7 55.Ne2 Kb5 56.Nc3+ Ka5
57.Nd5 Bf8 58.Ne3 Bg7 59.Kc2 Bf6 60.Nc4+ Kb5 61.Nd6+ Kc6 62.Ne4 Be5 63.Nc3 Kd6
64.Nxa4 Ke6 65.Nc5+ Kf5 66.a4 Kg5 67.a5 Kxh5 68.Nd7 Bd4 69.Kd3 Bg1 70.b4 Kg5
71.Ne5 Kf5 72.Nf3  1-0

[Event "Buenos Aires FMDA"]
[Site "Buenos Aires"]
[Date "1990.??.??"]
[Round "3"]
[White "Olivieri, Martin"]
[Black "De Dovitiis, Alejo"]
[Result "0-1"]
[WhiteElo "2270"]
[BlackElo "2280"]

1.e4 e6 2.d4 d5 3.Nc3 Bb4 4.e5 Qd7 5.Qg4 f5 6.Qg3 b6 7.Nh3 Ba6 8.Nf4 Bxf1
9.Kxf1 Nc6 10.Ncxd5 exd5 11.e6 Qd6 12.Qxg7 O-O-O 13.Qxh8 Qe7 14.Nxd5 Qxe6
15.Nxb4 Nxb4 16.Bg5 Re8 17.f3 Qe2+ 18.Kg1 Nxc2 19.Qxh7 Nxa1 20.Qxf5+ Kb8
21.h4 Nc2 22.Kh2 Nxd4 23.Qf7 Rc8 24.Qd5 Ne6 25.Rc1 Nxg5 26.Qxg5 Ne7 27.Qf4 Qf2
28.Qe4 Rg8 29.f4 Nf5 30.Rc2 Qg3+ 31.Kg1 Rd8 32.Rc1 Nxh4 33.a4 Nxg2  0-1

[Event "Cali zt"]
[Site "Cali"]
[Date "1990.??.??"]
[Round "6"]
[White "Rodriguez, Amador"]
[Black "Juarez Flores, Carlos A"]
[Result "1/2-1/2"]
[WhiteElo "2495"]
[BlackElo "2375"]

1.e4 e6 2.d4 d5 3.Nc3 Bb4 4.e5 Ne7 5.a3 Bxc3+ 6.bxc3 c5 7.Qg4 Qc7 8.Qxg7 Rg8
9.Qxh7 cxd4 10.Ne2 dxc3 11.f4 Nbc6 12.Qd3 Bd7 13.Be3 Na5 14.Nd4 a6 15.g3 Rc8
16.Be2 Nc4 17.Qxc3 Qb6 18.Bxc4 Rxc4 19.Qd2 Qc7 20.O-O Ba4 21.Rf2 Kd7 22.Rb1 b5
23.Qd1 Rc3 24.Bd2 Rc4 25.Be3 Rc3 26.Bd2 Rc4 27.Be3 Rc3  1/2-1/2

[Event "Cannes op"]
[Site "Cannes"]
[Date "1990.??.??"]
[Round "3"]
[White "Marchand, Francois"]
[Black "Bricard, Emmanuel"]
[Result "0-1"]
[WhiteElo "2060"]
[BlackElo "2375"]

1.d4 e6 2.e4 d5 3.Nc3 Bb4 4.e5 Qd7 5.a3 Bf8 6.Be3 Ne7 7.Bd3 b6 8.b4 Ba6 9.b5 Bb7
10.Nge2 c6 11.Ng3 cxb5 12.Nxb5 Nec6 13.O-O Na5 14.Qg4 Nbc6 15.Bg5 h6 16.Bh4 Nc4
17.Nh5 Rg8 18.Nf6+ gxf6 19.Qxg8 Ne7 20.Qg3 Qxb5 21.Bxf6 Qb2 22.Qh4 Ng8 23.Bh7 Nxf6
24.Qxf6 Be7 25.Qf4 Bg5 26.Qg4 O-O-O 27.h4 Be7 28.Bg8 h5 29.Qxh5 Qxd4 30.Qxf7 Bxh4
31.Qxe6+ Kb8 32.Rad1 Bxf2+ 33.Rxf2 Qxd1+ 34.Rf1 Qd4+ 35.Kh1 Ne3 36.Rf7 Qh4+
37.Kg1 Qg5  0-1

[Event "Cannes op"]
[Site "Cannes"]
[Date "1990.??.??"]
[Round "3"]
[White "Derieux, Christian"]
[Black "Zimmermann, Walter"]
[Result "1/2-1/2"]
[WhiteElo "2270"]
[BlackElo "2040"]

1.e4 e6 2.d4 d5 3.Nc3 Bb4 4.e5 b6 5.Qg4 Bf8 6.Be3 Qd7 7.f4 Ne7 8.Bd3 Ba6
9.Bxa6 Nxa6 10.Qe2 Nb8 11.g4 h5 12.f5 hxg4 13.fxe6 Qxe6 14.Qg2 c6 15.Nge2 Ng6
16.Rg1 Nh4 17.Qxg4 Qxg4 18.Rxg4 Nf5 19.Bg1 Na6 20.O-O-O Nc7 21.Rf1 g6 22.Ng3 Nxg3
23.Rxg3 Ne6 24.Rgf3 Rh7 25.Be3 Rd8 26.R1f2 Rd7 27.Kd1 c5 28.Ne2 cxd4 29.Bxd4 Be7
30.c3 Bh4 31.Rg2 Ng5 32.Rf4 Ne4 33.e6 fxe6 34.Rxg6 Rde7 35.Be5 Kd7 36.Nd4 Bf2
37.Nf3 Be3 38.Rf8 Rhf7 39.Rxf7 Rxf7 40.Rg7 Rxg7 41.Bxg7 b5 42.Bd4 Bxd4 43.cxd4 Ke7
44.Ne5 Kf6 45.Ke2 Kf5 46.Ke3 Nd6 47.b3 a5 48.Kd3 a4 49.Kc3 axb3 50.axb3 Ke4
51.h4 b4+ 52.Kxb4 Kxd4 53.Nc6+ Ke3 54.h5 Nf5 55.Kc5 Ke4 56.b4 e5 57.b5 d4
58.b6 Nd6 59.Kxd6 d3 60.b7 d2 61.b8=Q d1=Q+ 62.Ke7 Qxh5 63.Qb4+ Ke3 64.Qe1+ Kf4
65.Qd2+ Kg3 66.Qe3+ Qf3 67.Qxe5+ Kf2 68.Kd7 Qd3+ 69.Nd4 Qh3+ 70.Kc6 Qh1+
71.Kb6 Qb1+ 72.Kc7 Qh7+ 73.Kd6  1/2-1/2

[Event "USA Masters"]
[Site "Chicago"]
[Date "1990.??.??"]
[Round "1"]
[White "Levin, David"]
[Black "McCambridge, Vincent"]
[Result "0-1"]
[WhiteElo "2295"]
[BlackElo "2480"]

1.d4 e6 2.e4 d5 3.Nc3 Bb4 4.e5 Ne7 5.Bd2 b6 6.Nce2 Bxd2+ 7.Qxd2 Ba6 8.f4 c5
9.Nf3 Nbc6 10.c3 O-O 11.Ng3 Bxf1 12.Rxf1 cxd4 13.cxd4 Rc8 14.Kf2 b5 15.Rfc1 f6
16.exf6 Rxf6 17.Kg1 Qb6 18.Kh1 Rcf8 19.Re1 Ng6 20.Nh5 Rf5 21.Ng3 Rxf4 22.Rxe6 Nh4
23.Nxh4 Rxh4 24.Qc3 Rh6 25.Rxh6 gxh6 26.Qb3 Qxd4 27.Rd1 Qc4 28.Qe3 d4 29.Qxh6 Ne5
30.h3 Ng6 31.Rc1 Qf7 32.Rd1 Qd5 33.Nh5 Qe5 34.Kg1 Rf5 35.Ng7 Qxg7 36.Qxg7+ Kxg7
37.Rxd4 Ne5 38.a4 bxa4 39.Rxa4 Rf7 40.Ra6 Nd3 41.b3 Rb7 42.Rc6 Kf7 43.Kf1 Ne5
44.Rh6 Kf8 45.Re6 Nd7 46.Rc6 Ke7 47.Rh6 Nf8 48.Ra6 Ne6 49.b4 Kd7 50.Kf2 Nd4
51.Rh6 Kc8 52.Rd6 Rxb4  0-1

[Event "Corfu"]
[Site "Corfu"]
[Date "1990.??.??"]
[Round "9"]
[White "Ivanovic, Bozidar"]
[Black "Trikaliotis, Georgios"]
[Result "1-0"]
[WhiteElo "2520"]
[BlackElo "2230"]

1.e4 e6 2.d4 d5 3.Nc3 Bb4 4.e5 Qd7 5.Nh3 b6 6.a3 Bxc3+ 7.bxc3 Ba6 8.Bxa6 Nxa6
9.Nf4 Nb8 10.a4 Nc6 11.Nh5 g6 12.Bh6 f5 13.Bg7 gxh5 14.Qxh5+ Qf7 15.Qxf7+ Kxf7
16.Bxh8 Nce7 17.Kd2 Ng6 18.Bf6 Nxf6 19.exf6 Kxf6 20.c4 dxc4 21.Kc3 Nf4 22.g3 Nd5+
23.Kxc4 c5 24.dxc5 Rc8 25.Kb3 bxc5 26.c3 h5 27.Kc2 Rc7 28.a5 a6 29.Rhb1 h4
30.Ra4 hxg3 31.hxg3 Ke5 32.Rh4 c4 33.Ra1 f4 34.gxf4+ Nxf4 35.Re1+ Kf5 36.Rxf4+ Kxf4
37.Rxe6 Kf3 38.Rxa6 Kxf2 39.Ra8  1-0

[Event "Dieren op"]
[Site "Dieren"]
[Date "1990.??.??"]
[Round "1"]
[White "Cuijpers, Frans Andre"]
[Black "Beulen, Marcel"]
[Result "1-0"]
[WhiteElo "2405"]
[BlackElo "2225"]

1.e4 e6 2.d4 d5 3.Nc3 Bb4 4.e5 Qd7 5.Bd2 b6 6.Bb5 c6 7.Ba4 a5 8.a3 Bf8 9.Nf3 Ba6
10.Ne2 Ne7 11.O-O Qc7 12.Re1 Nd7 13.Nf4 h6 14.c3 Bb5 15.Bc2 c5 16.Be3 Nc6
17.Nd2 O-O-O 18.Qf3 Ndxe5 19.dxe5 d4 20.Bxd4 cxd4 21.c4 Ba6 22.Nd3 Bb7 23.Qe2 Be7
24.Rab1 Kb8 25.b4 Ka7 26.c5 b5 27.Ne4 Nxe5 28.Nxe5 Qxe5 29.Qxb5 Qc7 30.Bd3 Rd5
31.Rec1 Rc8 32.bxa5 f5 33.a6 Bc6 34.Qb6+ Ka8 35.Nd6 Bxd6 36.cxd6 Qxb6 37.Rxb6 Bd7
38.Rcb1 Rdc5 39.f4 Rc1+ 40.Rxc1 Rxc1+ 41.Kf2 Rc6 42.Rxc6 Bxc6 43.Bc4 Bd7
44.Ke2 Ka7 45.Kd3 Kb6 46.Kxd4 Kc6 47.Ke5  1-0

[Event "Dieren op"]
[Site "Dieren"]
[Date "1990.??.??"]
[Round "4"]
[White "Mokry, Karel"]
[Black "Ravikumar, Vaidyanathan"]
[Result "1-0"]
[WhiteElo "2490"]
[BlackElo "2355"]

1.e4 e6 2.d4 d5 3.Nc3 Bb4 4.e5 b6 5.Qg4 Bf8 6.Nf3 Qd7 7.Bb5 c6 8.Be2 Ba6
9.O-O Ne7 10.Rd1 Nf5 11.a3 Qb7 12.b3 Nd7 13.a4 Bb4 14.Nb5 O-O 15.Qh3 Rfc8
16.Bd3 Nf8 17.g4 Ne7 18.Nd6 Bxd6 19.exd6 Neg6 20.Qg3 Bxd3 21.cxd3 c5 22.h4 Nd7
23.h5 Ngf8 24.h6 g6 25.g5 e5 26.Nxe5 Re8 27.Qf3 Nxe5 28.dxe5 Qd7 29.d4 cxd4
30.Rxd4 Rxe5 31.Qf6 Re1+ 32.Kh2 Ne6 33.Bf4 Qd8 34.Rxe1 Qxf6 35.gxf6 Nxd4
36.Re7 Kf8 37.d7 Nf5 38.Bc7 Nxe7 39.Bd6  1-0

[Event "Dieren op"]
[Site "Dieren"]
[Date "1990.??.??"]
[Round "6"]
[White "Van Riemsdijk, Herman C"]
[Black "Uhlmann, Wolfgang"]
[Result "1/2-1/2"]
[WhiteElo "2440"]
[BlackElo "2505"]

1.e4 e6 2.d4 d5 3.Nc3 Bb4 4.e5 Ne7 5.a3 Bxc3+ 6.bxc3 c5 7.h4 Nbc6 8.h5 Qa5
9.Bd2 Bd7 10.Nf3 O-O-O 11.Bd3 f6 12.c4 Qc7 13.cxd5 Nxd5 14.h6 Nxd4 15.Nxd4 cxd4
16.hxg7 Rhg8 17.Bh6 f5 18.Kf1 Qxe5 19.Qd2 Bc6 20.Re1 Qf6 21.Qg5 Rde8 22.Qxf6 Nxf6
23.f3 Nd7 24.Bc4 Nc5 25.Re5 b6 26.Rh4 Kc7 27.Rxd4 Re7 28.Rxf5 Rgxg7 29.Rf8 Rg6
30.Be3 Nd7 31.Rh8 e5 32.Rd2 Kb7 33.Bd3 e4 34.Bxe4 Bxe4 35.fxe4 Nf6 36.Rd6 Rxe4
37.Bd4 Rf4+ 38.Ke1 Ka6 39.Bxf6 Rfxf6 40.Rxf6 Rxf6 41.Rxh7 Rc6 42.Kd2 Rg6  1/2-1/2

[Event "Dortmund op"]
[Site "Dortmund"]
[Date "1990.??.??"]
[Round "3"]
[White "Sziva, Erika"]
[Black "Gdanski, Jacek"]
[Result "0-1"]
[WhiteElo "2250"]
[BlackElo "2430"]

1.e4 e6 2.d4 d5 3.Nc3 Bb4 4.e5 Ne7 5.a3 Bxc3+ 6.bxc3 c5 7.Qg4 Qc7 8.Bd3 cxd4
9.Ne2 dxc3 10.Qxg7 Rg8 11.Qxh7 Qxe5 12.Bf4 Qf6 13.Bxb8 Rxb8 14.O-O Bd7 15.Ng3 Bc6
16.Qh5 e5 17.Qe2 Rh8 18.Rfe1 e4 19.Bb5 Kf8 20.Rab1 b6 21.Rb3 Bxb5 22.Rxb5 Rc8
23.a4 Rc6 24.Qd1 Rc4 25.a5 Rd4 26.Qb1 Rd2 27.Re2 e3 28.fxe3 Qh4 29.axb6 Qxh2+
30.Kf2 Rh6 31.Rb4 d4 32.Rxd4 Rxd4  0-1

[Event "ESP-chT"]
[Site "?"]
[Date "1990.??.??"]
[Round "?"]
[White "Garcia Padron, J."]
[Black "Ochoa de Echaguen, F Javier"]
[Result "1-0"]
[WhiteElo "2420"]
[BlackElo "2400"]

1.d4 e6 2.e4 d5 3.Nc3 Bb4 4.e5 Qd7 5.a3 Bf8 6.Nf3 b6 7.Bf4 Ba6 8.Bxa6 Nxa6
9.O-O Ne7 10.Ne2 c5 11.c3 c4 12.Ng3 Ng6 13.Be3 h5 14.b3 h4 15.Ne2 h3 16.g3 Ne7
17.Ng5 cxb3 18.Qxb3 Nc6 19.Qa4 Nc7 20.Qc2 Na5 21.Nf4 O-O-O 22.Ngxh3 f6 23.Kg2 g5
24.Ne2 Qf7 25.exf6 g4 26.Nhf4 Qxf6 27.Qg6 Be7 28.Qxf6 Bxf6 29.f3 Nc4 30.Bc1 gxf3+
31.Rxf3 Bg7 32.Ng6 Rhe8 33.Bf4 Nb5 34.a4 Nbd6 35.h4 Nf7 36.g4 e5 37.dxe5 Bxe5
38.Ng3 Bxf4 39.Rxf4 Nfd6 40.h5 Re6 41.Ra2 a5 42.Re2 Rxe2+ 43.Nxe2 Re8 44.Nd4 Ne4
45.h6 Ng5 46.Nf3 Ne3+ 47.Kg3 Ne4+ 48.Kh2 b5 49.h7 Nf6 50.h8=Q Rxh8+ 51.Nxh8  1-0

[Event "Forli op"]
[Site "Forli"]
[Date "1990.??.??"]
[Round "9"]
[White "Tatai, Stefano"]
[Black "Antonsen, Mikkel"]
[Result "0-1"]
[WhiteElo "2405"]
[BlackElo "2355"]

1.e4 e6 2.d4 d5 3.Nc3 Bb4 4.e5 Ne7 5.Qg4 c5 6.a3 Bxc3+ 7.bxc3 cxd4 8.Qxg7 Rg8
9.Qxh7 Qc7 10.Ne2 Nbc6 11.f4 Bd7 12.Qd3 dxc3 13.Nxc3 Na5 14.Nb5 Bxb5 15.Qxb5+ Nac6
16.Rb1 O-O-O 17.g3 Nf5 18.Qc5 f6 19.exf6 Qh7 20.Ba6 Nd4 21.Bd3 Qh3 22.Be3 Nf3+
23.Kd1 Qg2 24.Rf1 d4 25.Bf2 Nxh2 26.Re1 Qxf2 27.Rxb7 Kxb7 28.Be4 Rd5 29.Bxd5 exd5
30.Re7+ Nxe7 31.Qxe7+  0-1

[Event "FRA-chT"]
[Site "FRA"]
[Date "1990.??.??"]
[Round "?"]
[White "Guigonis, Dominique"]
[Black "Luce, Sebastien"]
[Result "1-0"]
[WhiteElo "2335"]
[BlackElo "2395"]

1.e4 e6 2.d4 d5 3.Nc3 Bb4 4.e5 b6 5.Qg4 Bf8 6.Nce2 Ba6 7.Bg5 Ne7 8.f4 Nbc6
9.O-O-O Qd7 10.c3 h6 11.Bxe7 Nxe7 12.Qf3 h5 13.Ng3 Bxf1 14.Nxf1 O-O-O 15.Ne2 Kb8
16.Ne3 Nf5 17.Nxf5 exf5 18.Rd2 Rh6 19.Rhd1 h4 20.Kb1 b5 21.Nc1 b4 22.Rc2 Rc6
23.Nb3 g6 24.Rdc1 Ra6 25.cxb4 Bxb4 26.a3 Qa4 27.Rxc7 Bxa3 28.Qc3  1-0

[Event "FRA-chT"]
[Site "FRA"]
[Date "1990.??.??"]
[Round "?"]
[White "Murrey, Jacob"]
[Black "Roos, Louis"]
[Result "0-1"]
[WhiteElo "2530"]
[BlackElo "2355"]

1.e4 e6 2.d4 d5 3.Nc3 Bb4 4.e5 Qd7 5.Ne2 b6 6.g3 Ba6 7.Bg2 Nc6 8.Bd2 h5 9.a3 Bf8
10.Bg5 Nge7 11.Qd2 Nf5 12.h3 Be7 13.Bxe7 Qxe7 14.f4 Na5 15.b3 Rc8 16.Bf3 c5
17.dxc5 Rxc5 18.O-O-O Bxe2 19.Bxe2 d4 20.Bb5+ Kf8 21.Qg2 g6 22.Rd3 Rxc3 23.b4 Ne3
24.Qe4 Nb3+ 25.Kb2 Nc5 26.bxc5 Qxc5 27.Qxd4 Qxa3+ 28.Kb1 Nd5 29.Rhd1 Kg7
30.Bc6 Rxd3 31.Rxd3 Qb4+ 32.Qxb4 Nxb4 33.Rd6 Rc8 34.Ba4 Nd5 35.Bb3 Rc5 36.h4 Kf8
37.Rd8+ Ke7 38.Ra8 Nc3+ 39.Kb2 Rc7 40.Ka3 a5 41.Ra6 Rb7 42.Bc4 b5 43.Bd3 b4+
44.Kb3 a4+ 45.Kc4 a3 46.Kb3 Kd7 47.Ra8 Kc7 48.Bf1 Rb8 49.Ra7+ Kb6 50.Ra6+ Kc5
51.Ra7 Kd4 52.Bc4 a2 53.Rd7+ Kc5 54.Ra7 Rb7 55.Ra8 Kd4 56.Rd8+ Ke4 57.Kb2 Ra7
58.Ka1 Kf3 59.Rb8 Rd7 60.Bd3 Rd4 61.Rb7 Kxg3 62.Rxf7 b3 63.Ra7 bxc2 64.Bxc2 Rb4
65.Rxa2 Nxa2 66.Kxa2 Kxh4  0-1

[Event "BL2-N8990"]
[Site "Germany"]
[Date "1990.??.??"]
[Round "?"]
[White "Jaeckle, Marco"]
[Black "Kordsachia, Tariel"]
[Result "0-1"]
[WhiteElo "2295"]
[BlackElo "2300"]

1.e4 e6 2.d4 d5 3.Nc3 Bb4 4.e5 Ne7 5.Qg4 Nf5 6.Bg5 h5 7.Bxd8 hxg4 8.Bxc7 Nc6
9.O-O-O g3 10.Nh3 gxf2 11.Rd2 Bd7 12.a3 Be7 13.Rxf2 Ncxd4 14.Bd3 Rc8 15.Ba5 Nc6
16.Bxf5 Nxa5 17.Bg4 Nc4 18.Re1 Bc5 19.Rf3 Rh4 20.Rg3 Bd4 21.Nxd5 Bxb2+ 22.Kb1 Bxe5
23.Ndf4 g5 24.Be2 Bxf4  0-1

[Event "NRW-Liga I 8990"]
[Site "Germany"]
[Date "1990.??.??"]
[Round "?"]
[White "Gallinnis, Norbert"]
[Black "Hollermann, Thomas"]
[Result "1/2-1/2"]
[WhiteElo "2265"]
[BlackElo "2240"]

1.e4 e6 2.d4 d5 3.Nc3 Bb4 4.e5 Qd7 5.Nf3 b6 6.Be2 c5 7.O-O Bxc3 8.bxc3 Ba6
9.dxc5 bxc5 10.Ba3 Qc6 11.c4 Ne7 12.cxd5 Nxd5 13.Qd2 Bxe2 14.Qxe2 Nd7 15.Qc4 O-O
16.Rab1 Rab8 17.Rb3 Rb6 18.Qe4 h6 19.Nd2 Nb4 20.c3 Qxe4 21.Nxe4 Na6 22.f4 Rfb8
23.Rd1 c4 24.Rxb6 Nxb6 25.Rd4 Nc7 26.Bd6 Rc8 27.Bxc7 Rxc7 28.Rd8+ Kh7 29.Kf2 Nd5
30.Kf3 Rb7 31.Rc8 Rb1 32.Rxc4 Rf1+ 33.Kg3 Kg6 34.Nd2 Rc1 35.Ne4  1/2-1/2

[Event "BL2-S8990"]
[Site "Germany"]
[Date "1990.??.??"]
[Round "?"]
[White "Pieper, Thomas"]
[Black "Saacke, Bernd"]
[Result "1-0"]
[WhiteElo "2250"]
[BlackElo "2300"]

1.e4 e6 2.d4 d5 3.Nc3 Bb4 4.e5 b6 5.Nh3 Qd7 6.Nf4 Bf8 7.h4 Ne7 8.Be3 a5 9.Bb5 c6
10.Be2 Ba6 11.Bg4 Ng6 12.Nh5 c5 13.f4 cxd4 14.Bxd4 b5 15.Nxd5 Qc6 16.Ndf6+ gxf6
17.Nxf6+ Ke7 18.Bf3 Qc7 19.g3 Bg7 20.h5 Nf8 21.Bxa8 Nfd7 22.Qd2 Rd8 23.O-O-O h6  1-0

[Event "BL2-S8990"]
[Site "Germany"]
[Date "1990.??.??"]
[Round "?"]
[White "Seibold, Hubert"]
[Black "Saacke, Bernd"]
[Result "1-0"]
[WhiteElo "2210"]
[BlackElo "2300"]

1.e4 e6 2.d4 d5 3.Nc3 Bb4 4.e5 b6 5.a3 Bf8 6.Bb5+ Bd7 7.Bd3 c5 8.f4 cxd4
9.Nce2 Nc6 10.Nf3 Nge7 11.Nexd4 Nxd4 12.Nxd4 Nc6 13.Nf3 Be7 14.O-O O-O 15.Qe1 a5
16.Qg3 f5 17.c4 dxc4 18.Bxc4 b5 19.Ba2 Bc5+ 20.Kh1 Qe7 21.Rd1 Rad8 22.Qe1 Bc8
23.Be3 b4 24.Bxc5 Qxc5 25.Rac1 Qb6 26.Rd6 Rxd6 27.exd6 b3 28.Bxb3 Qxb3 29.Rxc6 Qd5
30.Qc1 Bd7 31.Rc7 Qxd6 32.Ne5 Ba4 33.h3 Bb3 34.Rd7 Qb6 35.Qc3 h6 36.Nc4  1-0

[Event "Groningen op"]
[Site "Groningen"]
[Date "1990.??.??"]
[Round "2"]
[White "Vehi Bach, Victor Manuel"]
[Black "Vogel, Jaap"]
[Result "1-0"]
[WhiteElo "2400"]
[BlackElo "2315"]

1.e4 e6 2.d4 d5 3.Nc3 Bb4 4.e5 b6 5.a3 Bf8 6.Bb5+ c6 7.Ba4 a5 8.Nce2 Ba6
9.c3 Bb5 10.Bc2 a4 11.Nf3 Qd7 12.O-O c5 13.Re1 Nc6 14.Ng3 g6 15.h4 Na5 16.h5 Nc4
17.Nd2 Ne7 18.Nxc4 Bxc4 19.Bg5 Rg8 20.Nf1 Bxf1 21.Rxf1 c4 22.g3 Nf5 23.hxg6 fxg6
24.Kg2 h6 25.Bf6 b5 26.Rh1 Qf7 27.Rh3 Ra7 28.Qe2 h5 29.Rah1 Be7 30.g4 Ng7
31.Bxe7 hxg4 32.Qxg4 Qxe7 33.Rh8 Rxh8 34.Rxh8+ Kd7 35.Qxg6 Kc6 36.f4 Qf7
37.Kg3  1-0

[Event "Groningen op"]
[Site "Groningen"]
[Date "1990.??.??"]
[Round "6"]
[White "Steinbacher, Matthias"]
[Black "Russek, Guil"]
[Result "1-0"]
[WhiteElo "2370"]
[BlackElo "2320"]

1.e4 e6 2.d4 d5 3.Nc3 Bb4 4.e5 Ne7 5.a3 Bxc3+ 6.bxc3 c5 7.h4 Qc7 8.Rh3 Bd7
9.a4 Nbc6 10.Ba3 b6 11.h5 Na5 12.Qg4 Rg8 13.Bd3 Nf5 14.Ne2 Nc4 15.Qf4 Nxa3
16.Rxa3 c4 17.Bxf5 exf5 18.e6  1-0

[Event "HUN-chop"]
[Site "Gyor"]
[Date "1990.??.??"]
[Round "3"]
[White "Anka, Emil"]
[Black "Piesina, Gintautas"]
[Result "0-1"]
[WhiteElo "2350"]
[BlackElo "2410"]

1.e4 e6 2.d4 d5 3.Nc3 Bb4 4.e5 Ne7 5.a3 Bxc3+ 6.bxc3 c5 7.Qg4 O-O 8.Bd3 f5
9.Qh3 Nbc6 10.Nf3 Qb6 11.g4 cxd4 12.Rg1 Qc7 13.gxf5 Nxf5 14.Bh6 Nxe5 15.Nxe5 Qxe5+
16.Kf1 b6 17.Bxf5 Qxf5 18.Rxg7+ Kh8 19.Qg3 Qf6 20.Ke2 Ba6+  0-1

[Event "Hamburg-ch"]
[Site "Hamburg"]
[Date "1990.??.??"]
[Round "?"]
[White "Fette, Martin"]
[Black "Voigt, Martin"]
[Result "1/2-1/2"]
[WhiteElo "2360"]
[BlackElo "2235"]

1.e4 e6 2.d4 d5 3.Nc3 Bb4 4.e5 Qd7 5.Qg4 f5 6.Qg3 b6 7.Nh3 Ba6 8.Nf4 Bxf1
9.Kxf1 Nc6 10.Nce2 Bf8 11.Bd2 Nge7 12.h4 Rg8 13.Qb3 Nd8 14.c4 dxc4 15.Qxc4 b5
16.Qd3 a5 17.Rc1 c6 18.f3 g6 19.a4 b4 20.Kf2 Bg7 21.Rc2 Rc8 22.Qa6 c5 23.b3 Kf7
24.Rhc1 Ndc6 25.Rxc5 Nxd4 26.Rxc8  1/2-1/2

[Event "Capablanca mem-B"]
[Site "Havana"]
[Date "1990.??.??"]
[Round "?"]
[White "Sieiro Gonzalez, Luis"]
[Black "Pecorelli Garcia, Humberto"]
[Result "0-1"]
[WhiteElo "2360"]
[BlackElo "2350"]

1.e4 e6 2.d4 d5 3.Nc3 Bb4 4.e5 Ne7 5.a3 Bxc3+ 6.bxc3 c5 7.Qg4 O-O 8.Bd3 Nbc6
9.Qh5 Nf5 10.Nf3 f6 11.g4 c4 12.gxf5 cxd3 13.Rg1 exf5 14.Bh6 Rf7 15.Kd2 Be6
16.Bxg7 Rxg7 17.Qh6 Rg4 18.h3 Qf8 19.Qxf8+ Rxf8 20.hxg4 fxg4 21.cxd3 Kh8
22.Ne1 fxe5 23.dxe5 Rxf2+ 24.Ke3 Rh2 25.Ng2 Nxe5 26.Nf4 Bd7 27.Rh1 Rc2 28.Rh5 Nf7
29.Nxd5 Kg7 30.c4 h6 31.Nf4 Nd6 32.Rc5 Nf5+ 33.Ke4 Kf6 34.Nh5+ Kg5 35.Ng3 Bc6+
36.Ke5 Nxg3 37.Rg1  0-1

[Event "Capablanca mem-B"]
[Site "Havana"]
[Date "1990.??.??"]
[Round "?"]
[White "Diaz, Joaquin C"]
[Black "Pecorelli Garcia, Humberto"]
[Result "1-0"]
[WhiteElo "2410"]
[BlackElo "2350"]

1.e4 e6 2.d4 d5 3.Nc3 Bb4 4.e5 Ne7 5.a3 Bxc3+ 6.bxc3 c5 7.Qg4 O-O 8.Bd3 f5
9.exf6 Rxf6 10.Bg5 e5 11.Qg3 Re6 12.dxe5 Qa5 13.Ne2 Nbc6 14.Bf6 g6 15.h4 c4
16.Bxg6 hxg6 17.h5 Rxf6 18.exf6 Nf5 19.Qxg6+ Kf8 20.h6 Ne5 21.Qg7+ Nxg7 22.fxg7+ Kf7
23.h7 Bg4 24.h8=Q Rg8 25.Qh2 Ng6 26.Qg3 Re8 27.g8=Q+ Kxg8 28.O-O Bf5 29.Nd4 Be4
30.Rfe1 Kf7 31.Re3 Qa4 32.Rae1 Ne7 33.f3 Bxc2 34.Qf4+  1-0

[Event "Jajce (Women)"]
[Site "Jajce"]
[Date "1990.??.??"]
[Round "4"]
[White "Maric, Mirjana"]
[Black "Matveeva, Svetlana"]
[Result "1/2-1/2"]
[WhiteElo "2275"]
[BlackElo "2360"]

1.e4 e6 2.d4 d5 3.Nc3 Bb4 4.e5 Qd7 5.a3 Bxc3+ 6.bxc3 b6 7.Nh3 Ba6 8.Bxa6 Nxa6
9.a4 c5 10.Qe2 c4 11.Nf4 O-O-O 12.a5 Kb7 13.axb6 axb6 14.O-O Ne7 15.Nh5 Rhg8
16.Ba3 Ra8 17.Rfb1 Nc7 18.Qd1 Nc8 19.Qc1 Na7 20.Bb4 Ncb5 21.g3 Qe8 22.Qd1 Nc6
23.Rxa8 Kxa8 24.Ra1+ Kb7 25.Qb1 Nca7 26.Qa2 Kc6 27.Qa6 Qc8 28.Qa4 Qd8 29.h4 Qe8
30.Bd6 f6 31.Nf4 g5 32.hxg5 fxg5 33.Ne2 Qh5 34.Nc1 Qf7 35.Qa6 Qb7 36.Qa4 Kd7
37.Qb4 Ke8 38.Ne2 Qf7 39.Kg2 Rg7 40.Rh1 Qf5 41.Rh6 Rf7 42.Rf6 Rxf6 43.exf6 Qxf6
44.Qa4 Qd8 45.Be5 Kd7 46.Nc1 Qc8 47.g4 Ke7 48.Ne2 Kf7 49.Ng1 Qb7 50.Qb4 Qe7
51.Qb1 Ke8 52.Bb8 Qb7 53.Bxa7 Nxa7 54.Qe1 Qe7 55.Qe5 Nc6 56.Qh8+ Kd7 57.Nf3 Nd8
58.Qg8 h6 59.Ne5+ Kc7 60.Qh8 Nc6 61.Nxc6 Kxc6 62.Qxh6 b5 63.Qh8 Kb7 64.Qe5 Kc6
65.f4 gxf4 66.g5 Qf7 67.Kf3 Kd7 68.Qxf4 Qg6 69.Kg4 Qxc2 70.Qf7+ Kd6 71.Qf8+  1/2-1/2

[Event "Karl-Marx-Stadt"]
[Site "Karl-Marx-Stadt"]
[Date "1990.??.??"]
[Round "?"]
[White "Panchev, Pavel"]
[Black "Casper, Thomas"]
[Result "1/2-1/2"]
[WhiteElo "2365"]
[BlackElo "2405"]

1.e4 e6 2.d4 d5 3.Nc3 Bb4 4.e5 Ne7 5.a3 Bxc3+ 6.bxc3 c5 7.Qg4 O-O 8.Bd3 f5
9.exf6 Rxf6 10.Qh5 h6 11.g4 Nbc6 12.g5 g6 13.Qd1 Rf7 14.gxh6 e5 15.h7+  1/2-1/2